Nueva teoría del delito. delito de tentativa / Tomo 14 :
Guardado en:
| Autor Principal: | |
|---|---|
| Formato: | Libro |
| Idioma: | Spanish |
| Publicado: |
Azul :
Voluntarismo Penal,
2014.
|
| Edición: | 1a. ed. |
| Materias: | |
| Etiquetas: |
Agregar Etiqueta
Sin Etiquetas, Sea el primero en etiquetar este registro!
|
| LEADER | 00613nam a22001695a 4500 | ||
|---|---|---|---|
| 001 | DER.der014015 | ||
| 008 | 190909s2014####ag############000#0#spa#d | ||
| 005 | 20250703170112.0 | ||
| 245 | 1 | 0 | |a Nueva teoría del delito. |n Tomo 14 : |b delito de tentativa / |c Carlos P. Pagliere (h). |
| 250 | |a 1a. ed. | ||
| 260 | |a Azul : |b Voluntarismo Penal, |c 2014. | ||
| 300 | |a 168 p. | ||
| 500 | |a "Iter criminis". Delito de tentativa. Univocidad. Delito imposible. Desistimiento. Retractación. | ||
| 020 | |a 9789873350504 | ||
| 100 | 1 | |a Pagliere, Carlos P. (h) | |
| 650 | 7 | |a DERECHO PENAL | |
| 859 | |a DERECHO |b BIB. DERECHO |h 345 |i PAG |p 009230 |3 Tomo XIV | ||
